000 00886nam a2200193 i 4500
001 166595
003 ES-MaACL
005 20250806085416.0
008 931025s1900 sp |||| | spa d
245 0 0 _aTratado de cirugía clínica y operatoria /
_cpublicado bajo la dirección de E. von Bergmann, P. von Bruns y J. von Mikulick ; con la colaboracion de medicos alemanes ; traducido directamente al castellano por Gil Saltor y Lavall.
260 _aBarcelona :
_bJosé Espasa, Editor,
_c[s.a.]
300 _a5 v. :
_bgrab. ;
_c26 cm.
596 1 _aPor la bibliografia citada se deduce que la obra es ca. 1900.
597 1 _aT.I (VIII, 1039 p.) -- T.II (1127 p.) -- T.III (847 p.) -- T.IV (1248 p.) -- T.V (856 p.)
650 0 7 _aCirugía
_2embne
_911050
700 0 _aBergmann, E. von.
_927996
852 _aES-MaACL
_jE-1279-83
_z-- Enc. hol.
999 _c166595
_d166595